| 000 | 00586cam a22002291 4500 | ||
|---|---|---|---|
| 001 | 8723120 | ||
| 005 | 20180109095043.0 | ||
| 008 | 720920s1878 xx 000 0 eng | ||
| 010 | _a 21015916 | ||
| 035 | _a(OCoLC)411319 | ||
| 040 |
_aDLC _cOAU _dDLC |
||
| 041 | _aeng | ||
| 042 | _apremarc | ||
| 080 | _a82 ROL | ||
| 082 | _a82 ROL | ||
| 100 | 1 | _a21 | |
| 101 | _aGJL | ||
| 245 | 0 | 0 |
_aShakespeare's comedy of As you like it. _cEd., with notes, by William J. Rolfe ... |
| 740 | 0 | _aAs you like it. | |
| 906 |
_a7 _bcbc _coclcrpl _du _encip _f19 _gy-gencatlg |
||
| 942 |
_2ddc _cBK |
||
| 999 |
_c39979 _d39979 |
||